Statistics for Portuguese Translations of Song Titles #3

Click here to take the quiz!

General Stats

  • This quiz has been taken 98 times
  • The average score is 13 of 28

Answer Stats

HintAnswer% Correct
Como uma VirgemLike a Virgin
89%
Mulher AmericanaAmerican Woman
87%
O Que é o Amor?What is Love?
80%
ReabilitaçãoRehab
76%
SuperstiçãoSuperstition
74%
Máquina do AmorLove Machine
72%
Cidade de ParaísoParadise City
71%
Pernas QuentesHot Legs
67%
Homem no EspelhoMan in the Mirror
62%
Bola de DemoliçãoWrecking Ball
58%
Maria OrgulhosaProud Mary
56%
Oi Irmã da AlmaHey Soul Sister
49%
Chupe o Meu BeijoSuck My Kiss
48%
A Garota de IpanemaThe Girl From Ipanema
45%
Eu Baleei o XerifeI Shot the Sheriff
45%
A Canção PreguiçosaThe Lazy Song
44%
Óculos Escuros à NoiteSunglasses at Night
42%
Ficar SortudoGet Lucky
38%
Senhorita IndependenteMiss Independent
38%
Tocar Rock and Roll por Toda a NoiteRock and Roll All Nite
36%
Jesus Leva o VolanteJesus Take the Wheel
34%
PiedadeMercy
31%
Filho dum Homem PregadorSon of a Preacher Man
27%
Toque Aquela Música SincopadaPlay That Funky Music
18%
EspumanteBubbly
16%
Passeio LentoSlow Ride
16%
Não Há Igreja no SelvagemNo Church in the Wild
12%
MelroBlackbird
9%

Score Distribution

Percentile by Number Answered

Percent of People with Each Score

Your Score History

You have not taken this quiz